Global warming : (Record no. 95261)

MARC details
000 -LEADER
fixed length control field 00612nam a22001937a 4500
005 - DATE AND TIME OF LATEST TRANSACTION
control field 20150923122446.0
010 ## - LCCN (DPL NO)
LC control number ENG-113669
020 ## - INTERNATIONAL STANDARD BOOK NUMBER
International Standard Book Number 9788178441412
Terms of availability 995.00
035 ## - SYSTEM CONTROL NUMBER
System control number EN-97201
037 ## - SOURCE OF ACQUISITION
Source of stock number/acquisition DBAD/PUB
082 ## - DEWEY DECIMAL CLASSIFICATION NUMBER
Classification number 363.73874
100 ## - MAIN ENTRY--PERSONAL NAME
Personal name Hegde, P. D.
245 ## - TITLE STATEMENT
Title Global warming :
Statement of responsibility, etc by P. D. Hegde
Remainder of title effects and remedy /
260 ## - PUBLICATION, DISTRIBUTION, ETC. (IMPRINT)
Place of publication, distribution, etc New Delhi
Name of publisher, distributor, etc K. K. Publications
Date of publication, distribution, etc 2014
270 ## - ADDRESS
Address 4806/24, Bharat Ram Road, Darya Ganj
City New Delhi
Postal code 110002
300 ## - PHYSICAL DESCRIPTION
Extent 280p. :
Dimensions 23cm(Hb)
Other physical details ill.
500 ## - GENERAL NOTE
General note Includes bibliographical references and index
942 ## - ADDED ENTRY ELEMENTS (KOHA)
Source of classification or shelving scheme Dewey Decimal Classification
Item type English Books
Call number suffix HEG
Classification part 363.73874
Holdings
Withdrawn status Lost status Not for loan Collection code Home library Current library Date acquired Source of acquisition Cost, normal purchase price Full call number Barcode Copy number Cost, replacement price Koha item type
    Not For Loan Non-fiction D.B.Act.Division D.B.Act.Division 28/07/2015 DBAD/PUB 995.00 363.73874 HEG EN-97201 1 995.00 English Books

© Delhi Public Library
Hit Counter
free hit counter